Odpočítanie dane - právo a jeho uplatnenie platiteľom dane z pridanej hodnoty

Právo na odpočítanie dane je neoddeliteľnou súčasťou mechanizmu DPH. Uplatňuje sa bezprostredne na daň účtovanú pri prijatých plneniach (nákupoch tovarov a služieb). Praktické príklady - Uplatňovanie práva platiteľom dane z pridanej hodnoty.

Guardado en:
Detalles Bibliográficos
Autor principal: Jarošová, Beáta
Formato: Capítulo de libro
Lenguaje:eslovaco
Materias:
Etiquetas: Agregar Etiqueta
Sin Etiquetas, Sea el primero en etiquetar este registro!

MARC

LEADER 00000naa$a2200000$$$4500
001 0037860
005 20231114090238.4
041 0 |a slo 
044 |a SK 
245 1 0 |a Odpočítanie dane - právo a jeho uplatnenie platiteľom dane z pridanej hodnoty  |c Beáta Jarošová 
520 |a Právo na odpočítanie dane je neoddeliteľnou súčasťou mechanizmu DPH. Uplatňuje sa bezprostredne na daň účtovanú pri prijatých plneniach (nákupoch tovarov a služieb). Praktické príklady - Uplatňovanie práva platiteľom dane z pridanej hodnoty. 
610 2 0 |a dane z hodnoty pridanej 
610 2 0 |a odpočet dane 
610 2 0 |a právo daňové 
610 2 0 |a podnikatelia 
100 1 |a Jarošová, Beáta